Statistics for Largest Countries without a river

Click here to take the quiz!

General Stats

  • This quiz has been taken 17 times
  • The average score is 8 of 10

Answer Stats

First LetterSurface AreaAnswer% Correct
O309,500 km²Oman
100%
Q11,581 km²Qatar
100%
U83,600 km²UAE
100%
Y555,000 km²Yemen
100%
S2,149,690 km²Saudi Arabia
92%
D23,200 km²Djibouti
75%
K17,818 km²Kuwait
75%
L1,759,541 km²Libya
75%
C1,861 km²Comoros
67%
B13,878 km²Bahamas
50%

Score Distribution

Percentile by Number Answered

Percent of People with Each Score

Your Score History

You have not taken this quiz